000
00336 a2200157 4500
001
186050
020
_a
0-19-422808-8
040
_c
Magnum
100
_a
Flinders, Steve
240
1
0
_a
Forty years of pop
_l
ING
245
1
0
_a
Forty years of pop
300
_a
22
362
0
_a
2001
697
_a
LITERATURAS ESTRANGEIRAS
942
_c
BK
999
_c
186050
_d
186050